[Event "IX Festival Magistrale"]
[Site "Porto San Giorgio ITA"]
[Date "1997.08.24"]
[Round "5"]
[White "Voltolini, Giuseppe"]
[Black "Moroder, Thomas"]
[Result "1/2-1/2"]
[WhiteElo "2250"]
[BlackElo "2170"]
[PlyCount "80"]
[EventDate "1997.08.20"]

1.e4 c5 2.Nf3 d6 3.d4 cxd4 4.Nxd4 Nf6 5.Nc3 a6 6.Be2 e6 7.O-O Qc7 8.f4 Nc6
9.Be3 Be7 10.Kh1 O-O 11.a4 Re8 12.Bf3 Bd7 13.g4 Nxd4 14.Bxd4 Bc6 15.g5 Nd7
16.Bg2 e5 17.Be3 exf4 18.Bxf4 Ne5 19.Qh5 Bf8 20.Rae1 b5 21.Re3 g6 22.Qh4 
b4 23.Nd5 Bxd5 24.exd5 Qd8 25.Bxe5 Rxe5 26.Rh3 h5 27.gxh6 Qxh4 28.Rxh4 a5 
29.h7+ Kh8 30.Rxf7 Re1+ 31.Bf1 Bg7 32.Kg2 Bxb2 33.Rg4 Rc8 34.Bd3 Rd1 35.
Rxg6 b3 36.Re7 Rf8 37.Rf7 Rd2+ 38.Kh1 Rd1+ 39.Kg2 Rd2+ 40.Kh1 Rd1+ 1/2-1/2

[Event "IX Festival Magistrale"]
[Site "Porto San Giorgio ITA"]
[Date "1997.08.25"]
[Round "6"]
[White "De Vita, Gianni"]
[Black "Negrini, Claudio"]
[Result "0-1"]
[WhiteElo "2155"]
[BlackElo "2310"]
[PlyCount "108"]
[EventDate "1997.08.20"]

1.e4 e5 2.Nf3 Nc6 3.d4 exd4 4.Nxd4 Bc5 5.Be3 Qf6 6.c3 Nge7 7.Bc4 d6 8.O-O 
O-O 9.Nxc6 Nxc6 10.Bxc5 dxc5 11.f4 Qg6 12.Nd2 Rd8 13.Qe2 Na5 14.Bb5 Qb6 
15.a4 a6 16.Nc4 Nxc4 17.Bxc4 Be6 18.Rf2 Bxc4 19.Qxc4 Rd7 20.a5 Qb5 21.Qxb5
axb5 22.Re2 Ra6 23.Kf2 Kf8 24.b4 cxb4 25.cxb4 Rc6 26.Raa2 Rd4 27.Rab2 Rcc4
28.Rbc2 Rxe4 29.Rxe4 Rxc2+ 30.Kf3 g6 31.h3 c6 32.h4 f5 33.Rd4 Ke7 34.g3 
Rc1 35.Ke3 Rc3+ 36.Kf2 Rb3 37.Kg2 Ke6 38.Kf2 Rc3 39.Rd2 Rc4 40.Rb2 Re4 41.
Kf3 h5 42.Rb1 Kd5 43.Rd1+ Rd4 44.Rb1 Rd3+ 45.Kf2 Kc4 46.Rc1+ Rc3 47.Rb1 
Ra3 48.Rd1 Kxb4 49.Rd6 c5 50.Rxg6 c4 51.g4 fxg4 52.f5 Rf3+ 53.Ke2 Rxf5 54.
Rg5 Rc5 0-1

[Event "IX Festival Magistrale"]
[Site "Porto San Giorgio ITA"]
[Date "1997.08.25"]
[Round "6"]
[White "Glek, Igor V."]
[Black "Lazarev, Vladimir"]
[Result "1-0"]
[WhiteElo "2505"]
[BlackElo "2500"]
[PlyCount "85"]
[EventDate "1997.08.20"]

1.e4 c5 2.Nf3 d6 3.d4 cxd4 4.Nxd4 Nf6 5.Nc3 a6 6.a4 Nc6 7.Be2 e6 8.O-O Be7
9.Be3 Qc7 10.f4 O-O 11.Kh1 Re8 12.Bf3 Bd7 13.Nb3 b6 14.Qe2 Nb4 15.e5 Nfd5 
16.Nxd5 Nxd5 17.Bxd5 exd5 18.Qf2 Rab8 19.Nd4 Bf8 20.c3 Qc4 21.Bd2 Rb7 22.
b3 Qc8 23.Rae1 b5 24.a5 Bf5 25.Nxf5 Qxf5 26.exd6 Re6 27.Re5 Rxe5 28.fxe5 
Qxe5 29.Bf4 Qf6 30.Bg3 Qxc3 31.Qf4 Rd7 32.Rc1 Qxa5 33.h3 Bxd6 34.Rc8+ Bf8 
35.Qb8 Qb4 36.Re8 f5 37.Qc8 Rf7 38.Qe6 f4 39.Be1 Qc5 40.b4 Qc4 41.Bf2 Qxb4
42.Rc8 Qe4 43.Rxf8+ 1-0

[Event "IX Festival Magistrale"]
[Site "Porto San Giorgio ITA"]
[Date "1997.08.25"]
[Round "6"]
[White "Iotti, Pierluigi"]
[Black "Badea, Bela"]
[Result "0-1"]
[WhiteElo "2310"]
[BlackElo "2525"]
[PlyCount "56"]
[EventDate "1997.08.20"]

1.d4 g6 2.c4 Bg7 3.Nc3 d6 4.e4 Nc6 5.d5 Nd4 6.Be3 c5 7.dxc6 Nxc6 8.Be2 Nf6
9.h3 Qa5 10.Qd2 Nd7 11.Nd5 Qxd2+ 12.Kxd2 O-O 13.Rb1 Nc5 14.f3 e6 15.Nc3 
Rd8 16.b4 Nd7 17.f4 d5 18.exd5 exd5 19.Nxd5 Nf6 20.Nf3 Nxd5 21.cxd5 Rxd5+ 
22.Ke1 Bf5 23.Kf2 Bxb1 24.Rxb1 Rad8 25.Bc4 R5d7 26.Bb5 Rc7 27.Rc1 Re8 28.
a3 a6 0-1

[Event "IX Festival Magistrale"]
[Site "Porto San Giorgio ITA"]
[Date "1997.08.25"]
[Round "6"]
[White "Isonzo, David"]
[Black "Dautov, Rustem"]
[Result "0-1"]
[WhiteElo "2205"]
[BlackElo "2595"]
[PlyCount "86"]
[EventDate "1997.08.20"]

1.e4 c6 2.Nc3 d5 3.Nf3 Nf6 4.e5 Ne4 5.Nxe4 dxe4 6.Ng5 Qd5 7.d4 exd3 8.Qxd3
Qxe5+ 9.Be2 Qf5 10.Qg3 h6 11.Nf3 g6 12.Bd3 Qg4 13.Qe5 Qe6 14.Bc4 Qxe5+ 15.
Nxe5 e6 16.Bf4 Bg7 17.O-O-O Nd7 18.Nxd7 Bxd7 19.Bc7 c5 20.Rhe1 Bc6 21.f3 
O-O 22.Be5 Rfd8 23.Bxg7 Kxg7 24.c3 Kf6 25.Bb3 g5 26.Rh1 h5 27.h4 g4 28.
fxg4 hxg4 29.Rhf1+ Ke7 30.Rf4 Bxg2 31.Rxd8 Rxd8 32.Rxg4 Bf3 33.Rg3 Be4 34.
h5 Rd3 35.Rg4 Bf5 36.Rg8 Rh3 37.Bd1 Rh1 38.Kd2 Rh2+ 39.Be2 Be4 40.Ke3 f5 
41.a4 Bd5 42.a5 f4+ 43.Kd3 c4+ 0-1

[Event "IX Festival Magistrale"]
[Site "Porto San Giorgio ITA"]
[Date "1997.08.25"]
[Round "6"]
[White "Passoni, Carlo"]
[Black "Arlandi, Ennio"]
[Result "0-1"]
[WhiteElo "2200"]
[BlackElo "2470"]
[PlyCount "80"]
[EventDate "1997.08.20"]

1.e4 c6 2.d4 d5 3.Nc3 dxe4 4.Nxe4 Nd7 5.Ng5 Ngf6 6.Bd3 e6 7.N1f3 Bd6 8.Qe2
h6 9.Ne4 Nxe4 10.Qxe4 c5 11.Bd2 Qc7 12.dxc5 Nxc5 13.Bb5+ Kf8 14.Qh4 a6 15.
Be2 b5 16.O-O-O Bb7 17.Ba5 Qxa5 18.Rxd6 Qc7 19.Rhd1 Bd5 20.R6xd5 exd5 21.
Rxd5 Ne6 22.Ne5 Rd8 23.Qe4 Rxd5 24.Qxd5 Ke7 25.Bg4 Re8 26.g3 Kf8 27.f4 Rd8
28.Qe4 Qc5 29.b3 Qd4 30.Qxd4 Rxd4 31.c3 Rd6 32.Kc2 Nc5 33.Bf3 g5 34.f5 f6 
35.Ng4 h5 36.Nf2 g4 37.Bg2 Ke7 38.b4 Nd7 39.Nd3 Ne5 40.Nf4 Nf3 0-1

[Event "IX Festival Magistrale"]
[Site "Porto San Giorgio ITA"]
[Date "1997.08.25"]
[Round "6"]
[White "Rago, Riccardo"]
[Black "Barlocco, Carlo"]
[Result "0-1"]
[WhiteElo "2240"]
[BlackElo "2145"]
[PlyCount "50"]
[EventDate "1997.08.20"]

1.e4 c5 2.Nf3 Nc6 3.d4 cxd4 4.Nxd4 Nf6 5.Nc3 d6 6.Be2 e5 7.Nb3 Be7 8.O-O 
O-O 9.Be3 a5 10.f4 a4 11.Nd2 d5 12.exd5 Nxd5 13.Nxd5 Qxd5 14.Bc4 Qa5 15.f5
e4 16.Nxe4 Bxf5 17.Bd3 Qe5 18.Rxf5 Qxf5 19.Ng5 Qe5 20.Qh5 Qxe3+ 21.Kh1 h6 
22.Nxf7 Qe6 23.Bc4 Ra5 24.Nxh6+ Kh7 25.Nf5+ Qh6 0-1

[Event "IX Festival Magistrale"]
[Site "Porto San Giorgio ITA"]
[Date "1997.08.25"]
[Round "6"]
[White "Schweiger, Georg"]
[Black "Golubovic, Boris"]
[Result "0-1"]
[WhiteElo "2230"]
[BlackElo "2435"]
[PlyCount "80"]
[EventDate "1997.08.20"]

1.e4 c5 2.d3 Nc6 3.f4 g6 4.Nf3 Bg7 5.g3 d6 6.Bg2 e6 7.O-O Nge7 8.c3 O-O 9.
Na3 b6 10.Nc2 Bb7 11.g4 Qd7 12.f5 d5 13.Nh4 f6 14.exd5 exd5 15.d4 Nd8 16.
Qd3 c4 17.Qg3 g5 18.Nf3 Nf7 19.h4 h6 20.hxg5 hxg5 21.Qh2 Nc8 22.Be3 Ncd6 
23.Nd2 Rfe8 24.Rae1 a5 25.b3 cxb3 26.axb3 Rac8 27.c4 dxc4 28.d5 Ne5 29.
Bxg5 fxg5 30.f6 Nxg4 31.f7+ Nxf7 32.Qh5 Rxe1 33.Nxe1 Nf6 34.Qg6 Bxd5 35.
Rxf6 Bxg2 36.Nxg2 cxb3 37.Ne4 b2 38.Rf1 Rc6 39.Qh5 Qd4+ 40.Kh2 Rh6 0-1

[Event "IX Festival Magistrale"]
[Site "Porto San Giorgio ITA"]
[Date "1997.08.26"]
[Round "7"]
[White "Bellia, Fabrizio"]
[Black "Monteleone, Antonio"]
[Result "1-0"]
[WhiteElo "2340"]
[BlackElo "2190"]
[PlyCount "69"]
[EventDate "1997.08.20"]

1.e4 e6 2.d4 d5 3.Nd2 c5 4.Ngf3 cxd4 5.exd5 Qxd5 6.Bc4 Qd6 7.O-O Nf6 8.Nb3
Nc6 9.Nbxd4 Nxd4 10.Nxd4 Bd7 11.Re1 Be7 12.Bb3 O-O 13.Be3 Rfd8 14.Qf3 Nd5 
15.Nf5 exf5 16.Bxd5 Bc6 17.Bxc6 Qxc6 18.Qxc6 bxc6 19.Rad1 Bf6 20.b3 Bc3 
21.Rf1 f6 22.f3 Re8 23.Kf2 Re6 24.Bd4 Bxd4+ 25.Rxd4 Rae8 26.Rd2 f4 27.Rfd1
Kf7 28.Rd7+ Kg6 29.R1d2 a5 30.R7d6 Re1 31.Rxc6 Ra1 32.Rd4 Rxa2 33.Rxf4 Rd8
34.Rg4+ Kh6 35.Ke2 1-0

[Event "IX Festival Magistrale"]
[Site "Porto San Giorgio ITA"]
[Date "1997.08.26"]
[Round "7"]
[White "Borgo, Giulio"]
[Black "Negrini, Claudio"]
[Result "1-0"]
[WhiteElo "2370"]
[BlackElo "2310"]
[PlyCount "81"]
[EventDate "1997.08.20"]

1.e4 e5 2.Nf3 Nc6 3.Nc3 Nf6 4.d4 exd4 5.Nxd4 Bb4 6.Nxc6 bxc6 7.Bd3 d5 8.
exd5 Qe7+ 9.Qe2 Qxe2+ 10.Kxe2 Bxc3 11.bxc3 Nxd5 12.Bd2 Be6 13.Rhb1 Kd7 14.
a4 Nb6 15.Rb4 c5 16.Rb5 c4 17.Be4 c6 18.Rc5 Nd5 19.Bf3 g5 20.Bxg5 Nxc3+ 
21.Kd2 Nd5 22.Rxc4 Rhg8 23.Bh4 Rab8 24.Rd4 Kc8 25.Ra3 Rb6 26.a5 Rb1 27.Bg3
Rd8 28.Rb3 Rxb3 29.cxb3 c5 30.Rd3 Kb7 31.Kc1 Rd7 32.Be2 Kc6 33.Kb2 Rb7 34.
Ka3 Rb4 35.Rd2 Nc3 36.Rd6+ Kb7 37.Ba6+ Kc7 38.Rxe6+ Kd7 39.Re3 Nb1+ 40.Kb2
Nd2 41.Rd3+ 1-0

[Event "IX Festival Magistrale"]
[Site "Porto San Giorgio ITA"]
[Date "1997.08.26"]
[Round "7"]
[White "Campanile, Roberto"]
[Black "Suppa, Ercole"]
[Result "1-0"]
[WhiteElo "1968"]
[BlackElo "2160"]
[PlyCount "35"]
[EventDate "1997.08.20"]

1.d4 Nf6 2.Nf3 g6 3.Bg5 Bg7 4.Nbd2 d5 5.e3 Nbd7 6.Bd3 c5 7.c3 O-O 8.O-O 
Re8 9.Re1 e5 10.e4 Qb6 11.exd5 cxd4 12.Nc4 Qc5 13.cxd4 Qxd5 14.dxe5 Ng4 
15.Nd6 Rxe5 16.Nxe5 Bxe5 17.Qxg4 Nc5 18.Nxc8 1-0

[Event "IX Festival Magistrale"]
[Site "Porto San Giorgio ITA"]
[Date "1997.08.26"]
[Round "7"]
[White "Dautov, Rustem"]
[Black "Ciolac, Gheorghe"]
[Result "1-0"]
[WhiteElo "2595"]
[BlackElo "2385"]
[PlyCount "133"]
[EventDate "1997.08.20"]

1.d4 Nf6 2.c4 e6 3.Nf3 b6 4.g3 Bb7 5.Bg2 Be7 6.O-O O-O 7.Re1 d5 8.cxd5 
exd5 9.Nc3 Na6 10.Bf4 c5 11.dxc5 Nxc5 12.Nd4 Nce4 13.Nxe4 dxe4 14.Nf5 Bc5 
15.Bd6 Bxd6 16.Nxd6 Bd5 17.Nf5 Be6 18.Nd4 Qd5 19.e3 Rac8 20.Qa4 Rc7 21.
Rec1 Rfc8 22.Rxc7 Rxc7 23.h3 Bd7 24.Qd1 h5 25.a3 g6 26.Qe2 Qg5 27.Kh1 Kg7 
28.Rd1 h4 29.g4 Qe5 30.Qe1 Bxg4 31.hxg4 Nxg4 32.Qg1 Qf6 33.Rf1 Rc1 34.f4 
exf3 35.Rxc1 f2 36.Qd1 Nxe3 37.Qf3 Qxd4 38.Qxf2 h3 39.Bxh3 Qd5+ 40.Kh2 
Qd6+ 41.Kg1 Nd1 42.Qf3 Qd4+ 43.Kh1 Nf2+ 44.Kg2 Ne4 45.Rc2 f5 46.Bxf5 gxf5 
47.Qxf5 Nf6 48.Qf3 a5 49.Kf1 Kf7 50.Ke2 Qd6 51.Rd2 Qc5 52.Kd1 b5 53.Qb7+ 
Kg6 54.Rg2+ Kf5 55.Qf3+ Ke6 56.Re2+ Kf7 57.Qb7+ Kg6 58.Qg2+ Kf7 59.Rc2 
Qd4+ 60.Kc1 Qe3+ 61.Kb1 Qe1+ 62.Rc1 Qe5 63.Qb7+ Kg6 64.Rg1+ Kf5 65.Qc8+ 
Kf4 66.Qc1+ Kf3 67.Qf1+ 1-0

[Event "IX Festival Magistrale"]
[Site "Porto San Giorgio ITA"]
[Date "1997.08.26"]
[Round "7"]
[White "De Vita, Igor"]
[Black "Isonzo, David"]
[Result "0-1"]
[WhiteElo "2115"]
[BlackElo "2205"]
[PlyCount "86"]
[EventDate "1997.08.20"]

1.c4 g6 2.Nc3 Bg7 3.Nf3 d6 4.d4 Nf6 5.g3 O-O 6.Bg2 Nbd7 7.O-O e5 8.h3 c6 
9.b3 Re8 10.dxe5 dxe5 11.Be3 Qe7 12.Qc1 Nh5 13.Nh2 Nc5 14.Qa3 Bf8 15.Rad1 
f5 16.Bxc5 Qxc5 17.Qxc5 Bxc5 18.Na4 Bf8 19.e3 e4 20.Rd4 b5 21.Nb2 Bg7 22.
Rd2 Be5 23.Rc1 a6 24.Bf1 Be6 25.Be2 Nf6 26.Rcd1 Kf8 27.Nf1 Ke7 28.Rc1 Red8
29.Rcc2 Rxd2 30.Nxd2 Rb8 31.Kg2 g5 32.Kg1 h5 33.Nd1 Rd8 34.cxb5 cxb5 35.
Kf1 f4 36.exf4 Bxh3+ 37.Ke1 gxf4 38.gxf4 Bxf4 39.Ne3 Rg8 40.Rc6 Rg1+ 41.
Ndf1 h4 42.Rxa6 Bxf1 43.Nf5+ Kf7 0-1

[Event "IX Festival Magistrale"]
[Site "Porto San Giorgio ITA"]
[Date "1997.08.26"]
[Round "7"]
[White "Dubois, Martine"]
[Black "Tribuiani, Renato"]
[Result "0-1"]
[WhiteElo "2010"]
[BlackElo "2120"]
[PlyCount "90"]
[EventDate "1997.08.20"]

1.e4 Nc6 2.Nf3 f5 3.exf5 d5 4.Nh4 Nf6 5.Be2 e5 6.fxe6 Bxe6 7.d4 Bd6 8.Be3 
O-O 9.Nf3 Ng4 10.Bg5 Qd7 11.Nc3 a6 12.h3 Nf6 13.Be3 b5 14.a3 Rae8 15.Ng5 
Bf5 16.g4 Be4 17.Ngxe4 Nxe4 18.Nxe4 Rxe4 19.Qd2 Qe6 20.Kd1 Bf4 21.c3 Bxe3 
22.fxe3 Rxe3 23.Bd3 Rff3 24.Bf5 Qe7 25.Qg2 Na5 26.Rf1 Rxf1+ 27.Qxf1 g6 28.
Bd3 Qh4 29.Kc2 Qxh3 30.Qxh3 Rxh3 31.Re1 Rh2+ 32.Kb1 Kf7 33.a4 Nc4 34.axb5 
axb5 35.Bxc4 bxc4 36.Re5 c6 37.Ka2 Rg2 38.g5 Rg4 39.b3 cxb3+ 40.Kxb3 Re4 
41.Rxe4 dxe4 42.c4 Ke6 43.Kc3 Kf5 44.c5 e3 45.d5 cxd5 0-1

[Event "IX Festival Magistrale"]
[Site "Porto San Giorgio ITA"]
[Date "1997.08.26"]
[Round "7"]
[White "Golubovic, Boris"]
[Black "Korneev, Oleg"]
[Result "1/2-1/2"]
[WhiteElo "2435"]
[BlackElo "2565"]
[PlyCount "120"]
[EventDate "1997.08.20"]

1.e4 e5 2.Nf3 Nc6 3.Nc3 Nf6 4.Bb5 Nd4 5.Nxd4 exd4 6.e5 dxc3 7.exf6 Qxf6 8.
dxc3 Qe5+ 9.Qe2 Qxe2+ 10.Bxe2 d5 11.Bf4 c6 12.c4 Be6 13.cxd5 Bxd5 14.O-O 
Bc5 15.c4 Be6 16.Rad1 Rd8 17.Rxd8+ Kxd8 18.Rd1+ Ke7 19.Kf1 a5 20.Be5 f6 
21.Bd4 Bd6 22.h3 a4 23.Bd3 h5 24.Ke2 h4 25.Kd2 c5 26.Be3 g5 27.Re1 Kf7 28.
Kc2 b6 29.Bd2 Rg8 30.f3 Bg3 31.Re2 Be5 32.Bc3 Bc7 33.b3 axb3+ 34.axb3 f5 
35.Re1 Ra8 36.Ra1 Rxa1 37.Bxa1 Bd7 38.Kd2 Ke6 39.Bb2 Be5 40.Ba3 Bc6 41.Ke2
Bc3 42.Bc1 f4 43.Bd2 Bxd2 44.Kxd2 Ke5 45.Kc3 Kd6 46.Be2 Kc7 47.Bd3 Kb7 48.
b4 Kc7 49.b5 Bb7 50.Be2 Kd6 51.Bd1 Ke5 52.Be2 Bc8 53.Bd1 Kf6 54.Be2 Bb7 
55.Kd2 Ba8 56.Kc3 Ke5 57.Bd1 Bb7 58.Be2 Bc8 59.Bd1 Bd7 60.Be2 Be6 1/2-1/2

[Event "IX Festival Magistrale"]
[Site "Porto San Giorgio ITA"]
[Date "1997.08.26"]
[Round "7"]
[White "Khenkin, Igor"]
[Black "Glek, Igor V."]
[Result "0-1"]
[WhiteElo "2550"]
[BlackElo "2505"]
[PlyCount "114"]
[EventDate "1997.08.20"]

1.d4 Nf6 2.c4 g6 3.Nc3 Bg7 4.e4 d6 5.f3 O-O 6.Nge2 c5 7.Be3 Nc6 8.d5 Ne5 
9.Ng3 e6 10.Be2 exd5 11.cxd5 h5 12.O-O Nh7 13.Qd2 h4 14.Nh1 g5 15.Nf2 Bd7 
16.Kh1 Qf6 17.Rae1 Kh8 18.f4 gxf4 19.Bxf4 Qg6 20.Nd3 Rae8 21.Nxe5 Bxe5 22.
Bxe5+ Rxe5 23.Qf4 Rg8 24.Rf2 h3 25.g3 Ng5 26.Ref1 Rg7 27.Kg1 Kg8 28.Bg4 
Be8 29.Bf5 Qf6 30.Qe3 Qe7 31.Rf4 b5 32.a3 a5 33.Nd1 b4 34.axb4 axb4 35.Re1
Bd7 36.Bxd7 Qxd7 37.Nf2 f5 38.Rxf5 Rxf5 39.exf5 Qxf5 40.g4 Nf3+ 41.Kh1 
Qxd5 42.Qe8+ Kh7 43.Qe4+ Qxe4 44.Rxe4 Ng5 45.Re3 Kg8 46.b3 Ra7 47.Nxh3 
Nxh3 48.Rxh3 Ra3 49.Kg2 c4 50.Rh5 Rxb3 51.Rb5 c3 52.Rb8+ Kf7 53.Rc8 Rb2+ 
54.Kg3 Rd2 55.Rc7+ Ke6 56.h4 c2 57.g5 Rd3+ 0-1

[Event "IX Festival Magistrale"]
[Site "Porto San Giorgio ITA"]
[Date "1997.08.26"]
[Round "7"]
[White "Lazarev, Vladimir"]
[Black "Naumkin, Igor"]
[Result "1/2-1/2"]
[WhiteElo "2500"]
[BlackElo "2410"]
[PlyCount "89"]
[EventDate "1997.08.20"]

1.d4 e6 2.c4 Nf6 3.Nc3 Bb4 4.Qc2 Nc6 5.Nf3 d5 6.cxd5 exd5 7.Bg5 h6 8.Bxf6 
Qxf6 9.e3 O-O 10.a3 Bxc3+ 11.Qxc3 Qg6 12.b4 a6 13.g3 Bg4 14.Bg2 Bxf3 15.
Bxf3 Qf5 16.Bg2 Rad8 17.O-O Rd7 18.a4 Ne7 19.b5 axb5 20.axb5 c6 21.Qc5 h5 
22.h4 Rfd8 23.Kh2 Qf6 24.Bh3 Rd6 25.Ra7 Rb8 26.Qb6 cxb5 27.Qc7 Rdd8 28.
Rxb7 Rxb7 29.Qxb7 g5 30.hxg5 Qxg5 31.Qxb5 Kg7 32.Qb6 Ra8 33.Rb1 h4 34.Rg1 
Ng6 35.g4 Ra2 36.Rg2 Nf4 37.Qb1 Re2 38.exf4 Qxf4+ 39.Kg1 Qxd4 40.Qf5 Re5 
41.Qb1 Qc3 42.Kh2 Re1 43.Qf5 Qc1 44.Rg1 Rxg1 45.Qe5+ 1/2-1/2

[Event "IX Festival Magistrale"]
[Site "Porto San Giorgio ITA"]
[Date "1997.08.26"]
[Round "7"]
[White "Mola, Pietro"]
[Black "Safranska, Anda"]
[Result "1/2-1/2"]
[WhiteElo "2190"]
[BlackElo "2270"]
[PlyCount "102"]
[EventDate "1997.08.20"]

1.e4 Nc6 2.Nf3 d6 3.d4 Nf6 4.Nc3 Bg4 5.Be2 e6 6.d5 exd5 7.exd5 Bxf3 8.Bxf3
Ne5 9.O-O Be7 10.Bf4 Ng6 11.Be3 O-O 12.g3 Re8 13.Bg2 Nd7 14.Nb5 Bf6 15.Nd4
Nb6 16.b3 a5 17.a4 Ne7 18.c4 Nd7 19.Qc2 Nc5 20.Rad1 Qd7 21.h3 Ng6 22.Nb5 
b6 23.Nd4 h5 24.Nf3 Ne5 25.Nd4 Ng6 26.Nf3 Re7 27.Bxc5 bxc5 28.h4 Qg4 29.
Nh2 Qc8 30.Bf3 Re5 31.Rfe1 Qh3 32.Rxe5 Bxe5 33.Bg2 Qd7 34.Qe2 Rb8 35.Rd3 
Ne7 36.Qxh5 Qf5 37.Qe2 Bd4 38.Be4 Qd7 39.Kg2 f5 40.Bf3 Ng6 41.Qc2 Ne5 42.
Rd1 f4 43.Be4 Rf8 44.Rf1 Qf7 45.Qe2 Rb8 46.Bc2 Rf8 47.Nf3 Qh5 48.Qe4 Qxf3+
49.Qxf3 Nxf3 50.Kxf3 fxg3+ 51.Kxg3 Re8 1/2-1/2

[Event "IX Festival Magistrale"]
[Site "Porto San Giorgio ITA"]
[Date "1997.08.26"]
[Round "7"]
[White "Voltolini, Giuseppe"]
[Black "Citti, Gianluca"]
[Result "1/2-1/2"]
[WhiteElo "2250"]
[BlackElo "1908"]
[PlyCount "109"]
[EventDate "1997.08.20"]

1.e4 e5 2.Nf3 Nc6 3.Nc3 Nf6 4.Bb5 d6 5.d4 exd4 6.Nxd4 Bd7 7.a4 Be7 8.O-O 
O-O 9.h3 h6 10.f4 Re8 11.Nf5 Bf8 12.Bd3 Bxf5 13.exf5 Nb4 14.Qf3 d5 15.Rd1 
c6 16.g4 Nxd3 17.cxd3 Bc5+ 18.Kh1 Qd6 19.g5 hxg5 20.fxg5 Nh5 21.d4 Bb6 22.
Be3 g6 23.Kg2 Qg3+ 24.Qxg3 Nxg3 25.Bf2 Nxf5 26.Kf3 a5 27.h4 Nd6 28.Bg3 Nc4
29.Rab1 Re3+ 30.Kf2 Rae8 31.Bf4 R3e6 32.Kf3 Ne3 33.Rd2 Nf5 34.Be5 Ba7 35.
b4 Nxd4+ 36.Bxd4 Bxd4 37.Nxd5 cxd5 38.Rxd4 Re3+ 39.Kf2 Re2+ 40.Kg1 Re1+ 
41.Rxe1 Rxe1+ 42.Kf2 Re4 43.Rxd5 Rxb4 44.Rxa5 Rxh4 45.Ke3 Rb4 46.Kf3 f6 
47.gxf6 Kf7 48.Ra8 Kxf6 49.a5 Kg5 50.a6 bxa6 51.Rxa6 Rb3+ 52.Kg2 Kh5 53.
Ra4 g5 54.Kh2 g4 55.Ra8 1/2-1/2

[Event "IX Festival Magistrale"]
[Site "Porto San Giorgio ITA"]
[Date "1997.08.27"]
[Round "8"]
[White "Bellia, Fabrizio"]
[Black "Arlandi, Ennio"]
[Result "1/2-1/2"]
[WhiteElo "2340"]
[BlackElo "2470"]
[PlyCount "66"]
[EventDate "1997.08.20"]

1.e4 c6 2.d4 d5 3.Nc3 dxe4 4.Nxe4 Nd7 5.Bd3 Ngf6 6.Ng5 e6 7.N1f3 Bd6 8.Qe2
h6 9.Ne4 Nxe4 10.Qxe4 Qc7 11.O-O b6 12.Qg4 Kf8 13.b3 Bb7 14.Bb2 Nf6 15.Qh4
Ke7 16.Ne5 Rae8 17.f4 Kd8 18.Rad1 Kc8 19.c4 c5 20.dxc5 Bxc5+ 21.Kh1 Rd8 
22.f5 exf5 23.Bxf5+ Kb8 24.Nd3 Qc6 25.Qg3+ Bd6 26.Be5 Ka8 27.Bxd6 Qxd6 28.
Qxd6 Rxd6 29.Ne5 Rhd8 30.Rxd6 Rxd6 31.Kg1 Rd2 32.Rf2 Rd1+ 33.Rf1 Rd2 
1/2-1/2

[Event "IX Festival Magistrale"]
[Site "Porto San Giorgio ITA"]
[Date "1997.08.27"]
[Round "8"]
[White "Ciolac, Gheorghe"]
[Black "Mola, Pietro"]
[Result "1/2-1/2"]
[WhiteElo "2385"]
[BlackElo "2190"]
[PlyCount "84"]
[EventDate "1997.08.20"]

1.e4 e5 2.Nf3 Nf6 3.Nxe5 d6 4.Nf3 Nxe4 5.Qe2 Qe7 6.d3 Nf6 7.Bg5 Qxe2+ 8.
Bxe2 Be7 9.Nc3 Bd7 10.O-O-O Nc6 11.d4 h6 12.Bh4 O-O-O 13.h3 Bf5 14.d5 Ne5 
15.Nd4 Bh7 16.f4 Ned7 17.Nf3 Rhe8 18.Bf2 Kb8 19.Bd3 Bxd3 20.Rxd3 Nh5 21.g3
Bf6 22.Re1 Rxe1+ 23.Nxe1 Re8 24.Kd2 Bxc3+ 25.bxc3 Ndf6 26.Re3 Rxe3 27.Kxe3
Nxd5+ 28.Kd4 Nhf6 29.Nf3 c5+ 30.Kd3 Kc7 31.Nd2 b5 32.f5 Kc6 33.Bg1 Nd7 34.
Ne4 N5f6 35.Nxf6 Nxf6 36.c4 b4 37.g4 Nd7 38.Bh2 d5 39.cxd5+ Kxd5 40.Bc7 
Nb6 41.Bb8 a6 42.Bc7 Nc4 1/2-1/2

[Event "IX Festival Magistrale"]
[Site "Porto San Giorgio ITA"]
[Date "1997.08.27"]
[Round "8"]
[White "Dinser, Hans"]
[Black "Vincenzi, Riccardo"]
[Result "1-0"]
[WhiteElo "2055"]
[BlackElo "1900"]
[PlyCount "33"]
[EventDate "1997.08.20"]

1.d4 g6 2.c4 Bg7 3.Nc3 d6 4.e4 Nd7 5.f4 e6 6.Nf3 Ne7 7.Be3 O-O 8.Bd3 c5 9.
O-O h6 10.Qc2 f5 11.e5 Nc6 12.d5 Nb4 13.Qd1 exd5 14.Nxd5 Nxd3 15.Qxd3 dxe5
16.fxe5 b6 17.e6 1-0

[Event "IX Festival Magistrale"]
[Site "Porto San Giorgio ITA"]
[Date "1997.08.27"]
[Round "8"]
[White "Facchetti, Gianni"]
[Black "Mussoni, Marcello"]
[Result "0-1"]
[WhiteElo "2115"]
[BlackElo "1948"]
[PlyCount "58"]
[EventDate "1997.08.20"]

1.e4 e5 2.Nf3 Nc6 3.c3 Be7 4.d4 d6 5.Bb5 Bd7 6.O-O Nf6 7.Qe2 O-O 8.Bg5 a6 
9.Bc4 exd4 10.cxd4 Bg4 11.Rd1 Nd7 12.Be3 Nb6 13.Bb3 d5 14.e5 Qd7 15.Nc3 
Rae8 16.Bf4 Nd8 17.Bg3 Kh8 18.Bc2 Ne6 19.Qd3 g6 20.Ne2 Nc4 21.Qc3 f5 22.
exf6 Bxf6 23.Ne5 Bxe5 24.Bxe5+ Nxe5 25.f3 Nxf3+ 26.gxf3 Bxf3 27.Rd2 Ng5 
28.Ng3 Nh3+ 29.Kf1 Bh1+ 0-1

[Event "IX Festival Magistrale"]
[Site "Porto San Giorgio ITA"]
[Date "1997.08.27"]
[Round "8"]
[White "Garofalo, Massimo"]
[Black "Tomba, Ivan"]
[Result "1-0"]
[WhiteElo "1906"]
[BlackElo "1705"]
[PlyCount "43"]
[EventDate "1997.08.20"]

1.e4 c5 2.c3 d6 3.d4 Nc6 4.d5 Ne5 5.f4 Ng6 6.Nf3 e6 7.dxe6 fxe6 8.Bc4 Bd7 
9.Qb3 Nf6 10.f5 exf5 11.Bf7+ Ke7 12.exf5 Bxf5 13.O-O Qd7 14.Bg5 h6 15.Re1+
Kd8 16.Re8+ Kc7 17.Rxa8 hxg5 18.Rxa7 Qc6 19.Na3 Nf4 20.Nb5+ Kb8 21.Qa4 b6 
22.Rc7 1-0

[Event "IX Festival Magistrale"]
[Site "Porto San Giorgio ITA"]
[Date "1997.08.27"]
[Round "8"]
[White "Glek, Igor V."]
[Black "Dautov, Rustem"]
[Result "1/2-1/2"]
[WhiteElo "2505"]
[BlackElo "2595"]
[PlyCount "30"]
[EventDate "1997.08.20"]

1.e4 c6 2.d4 d5 3.e5 c5 4.dxc5 e6 5.Be3 Nh6 6.Nf3 Nc6 7.c3 Nf5 8.Bf4 Bxc5 
9.Bd3 Nh4 10.Nxh4 Qxh4 11.Bg3 Qh6 12.Nd2 O-O 13.O-O a5 14.Nf3 Bd7 15.Rc1 
Kh8 1/2-1/2

[Event "IX Festival Magistrale"]
[Site "Porto San Giorgio ITA"]
[Date "1997.08.27"]
[Round "8"]
[White "Korneev, Oleg"]
[Black "Borgo, Giulio"]
[Result "1-0"]
[WhiteElo "2565"]
[BlackElo "2370"]
[PlyCount "81"]
[EventDate "1997.08.20"]

1.e4 c5 2.Nf3 e6 3.d4 cxd4 4.Nxd4 Nc6 5.Nb5 d6 6.Bf4 Ne5 7.N1c3 a6 8.Bxe5 
dxe5 9.Qxd8+ Kxd8 10.O-O-O+ Bd7 11.Nd6 Bxd6 12.Rxd6 Ke7 13.Rd2 g5 14.b3 
Nf6 15.Kb2 Bc6 16.f3 g4 17.Be2 h5 18.a4 h4 19.fxg4 h3 20.Bf3 Rag8 21.Rg1 
Nxg4 22.gxh3 Nf6 23.Rxg8 Nxg8 24.Bg2 Nf6 25.b4 Nh5 26.b5 axb5 27.axb5 Be8 
28.Kb3 Nf4 29.Kb4 Nxg2 30.Rxg2 Rxh3 31.Re2 Kd6 32.Na4 Kc7 33.c4 b6 34.c5 
bxc5+ 35.Nxc5 f5 36.Ra2 fxe4 37.Ra7+ Kb8 38.b6 Bc6 39.Rc7 Bd5 40.Na6+ Ka8 
41.Ra7# 1-0

[Event "IX Festival Magistrale"]
[Site "Porto San Giorgio ITA"]
[Date "1997.08.27"]
[Round "8"]
[White "Monteleone, Antonio"]
[Black "Lauria, Amilcare"]
[Result "0-1"]
[WhiteElo "2190"]
[BlackElo "1917"]
[PlyCount "63"]
[EventDate "1997.08.20"]

1.d4 g6 2.c4 Bg7 3.Nc3 d6 4.e4 Nc6 5.d5 Nd4 6.Be3 c5 7.Nge2 Nxe2 8.Bxe2 b6
9.O-O Nf6 10.f4 O-O 11.Bf3 Ba6 12.Qa4 Qc8 13.Rfe1 Rb8 14.e5 Ne8 15.Bf2 Qb7
16.Re2 Nc7 17.exd6 exd6 18.Re7 b5 19.Qa5 bxc4 20.Qxc7 Qxc7 21.Rxc7 Rxb2 
22.Ne4 Rxf2 23.Kxf2 Bxa1 24.Rxa7 c3 25.Nxc3 Bd3 26.Ne4 c4 27.Ke1 Bxe4 28.
Bxe4 Re8 29.Kd2 Rxe4 30.Rc7 Rxf4 31.Rc6 Be5 32.a4 0-1

[Event "IX Festival Magistrale"]
[Site "Porto San Giorgio ITA"]
[Date "1997.08.27"]
[Round "8"]
[White "Mrdja, Milan"]
[Black "Khenkin, Igor"]
[Result "0-1"]
[WhiteElo "2390"]
[BlackElo "2550"]
[PlyCount "86"]
[EventDate "1997.08.20"]

1.e4 c6 2.d4 d5 3.Nc3 dxe4 4.Nxe4 Bf5 5.Ng3 Bg6 6.Nf3 Nf6 7.h4 h6 8.Ne5 
Bh7 9.Bc4 e6 10.Qe2 Nd5 11.Bb3 a5 12.a4 Bb4+ 13.Kf1 Nd7 14.Nh5 Rg8 15.Bxd5
cxd5 16.Nxd7 Kxd7 17.Rh3 Ke7 18.Rg3 Kf8 19.Rh3 Be7 20.Bf4 Rc8 21.c3 Rc4 
22.g3 Qd7 23.g4 Rxa4 24.Re1 Ra2 25.Kg2 a4 26.Rd1 a3 27.Rd2 axb2 28.Rxb2 
Rxb2 29.Qxb2 e5 30.Bxe5 Qxg4+ 31.Ng3 Bf5 32.Rh1 Be4+ 33.Kg1 Bxh1 34.Kxh1 
f6 35.Bc7 Kf7 36.Qxb7 Qd7 37.Qb6 Rc8 38.Bf4 Rxc3 39.Kg2 Qg4 40.Be3 Qe6 41.
Qb1 Bd6 42.Nf5 Bc7 43.Bd2 Rc4 0-1